Logo BPK

Bibliografia Prac Pracowników

Politechniki Koszalińskiej

Kształtowanie się podstawowych cech rozwoju fizycznego studentów Wyższej Szkoły Inżynierskiej w aspekcie wydziałów w latach 1968 - 1973 / (Rekord nr 5181)

Szczegóły MARC
000 -ETYKIETA REKORDU
podpole kontrolne o stałej długości 01182nab a2200217 i 4500
001 - NUMER KONTROLNY REKORDU
podpole kontrolne BPP
003 - IDENTYFIKATOR NUMERU KONTROLNEGO REKORDU
podpole kontrolne BPK
005 - DATA OSTATNIEJ MODYFIKACJI REKORDU
podpole kontrolne 20160604115517.0
008 - POLE O STAŁEJ DŁUGOŚCI - DANE KONTROLNE
podpole kontrolne o stałej długości 160112s1976 pl n f |000 0pol
040 ## - ŹRÓDŁO KATALOGOWANIA
Instytucja, która utworzyła rekord BPK
080 ## - UNIWERSALNA KLASYFIKACJA DZIESIĘTNA - UKD
UKD 796.012
100 ## - NAZWA OSOBOWA
Nazwa osobowa WOJCIECHOWSKI, Leszek.
Lata pracy 1968 - 1996.
Instytucja Wyższa Szkoła Inżynierska w Koszalinie - Studium Wychowania Fizycznego i Sportu
245 ## - TYTUŁ/ODPOWIEDZIALNOŚĆ
Tytuł Kształtowanie się podstawowych cech rozwoju fizycznego studentów Wyższej Szkoły Inżynierskiej w aspekcie wydziałów w latach 1968 - 1973 /
Pozostałe elementy strefy tytułu i oznaczenia odpowiedzialności Leszek Wojciechowski.
260 ## - STREFA ADRESU WYDAWNICZEGO
Data publikacji, dystrybucji/powstania dokumentu 1976.
500 ## - UWAGI OGÓLNE
Tekst uwagi Dane z autopsji.
520 ## - UWAGA DOTYCZĄCA TREŚCI DOKUMENTU
Analiza dokumentacyjna, adnotacja itp. W opracowaniu opisano jak kształtuje rozwój fizyczny u studentów rozpoczynających studia na Wydziałach Budownictwa Lądowego i Mechanicznego. Ogółem zbadano 737 studentów. Zebrany materiał opracowano metodą statystyczną, obliczając średnią arytmetyczną i ich uzupełnienia.
650 #0 - HASŁO PRZEDMIOTOWE W FORMIE NAZWY OGÓLNEJ LUB JEDNOSTKOWEJ
Nazwa ogólna lub geograficzna Młodzież - rozwój fizyczny.
650 #0 - HASŁO PRZEDMIOTOWE W FORMIE NAZWY OGÓLNEJ LUB JEDNOSTKOWEJ
Nazwa ogólna lub geograficzna Studenci.
773 ## - TYTUŁ DOKUMENTU MACIERZYSTEGO
Wyrażenie wprowadzające W :
Tytuł Zeszyty Naukowe Wyższej Szkoły Inżynierskiej w Koszalinie. Prace Studiów Wychowania Fizycznego i Sportu Uczelni Technicznych. -
Informacje dotyczące relacji 1976, nr 4, s. 177-181
942 ## - HASŁO DODATKOWE - ELEMENTY(KOHA)
Typ dokumentu Artykuł
Egzemplarze
Wycofany Zagubiony Uszkodzony Dostępność Lokalizacja stała Lokalizacja bieżąca Sygnatura Typ dokumentu
      Dostępny Bibliografia Prac Pracowników - BPK Bibliografia Prac Pracowników - BPK 0153 Artykuł
© 2014 Biblioteka Politechniki Koszalińskiej :: BIBLIOGRAFIA PRAC PRACOWNIKÓW